header

Projection, identification, projective identification (Record no. 231341)

MARC details
000 -LEADER
fixed length control field 01579nam a2200349 a 4500
245 00 - TITLE STATEMENT
Title Projection, identification, projective identification
260 ## - PUBLICATION, DISTRIBUTION, ETC. (IMPRINT)
Place of publication London :
Name of publisher Karnac Books,
Year of publication 1988
300 ## - PHYSICAL DESCRIPTION
Number of Pages xii, 216 p. :
Other physical details port.
500 ## - GENERAL NOTE
General note Papers of the first conference of the Sigmund Freud Center of the Hebrew University of Jerusalem, May 27-29, 1984.
General note Reprint. Originally published in 1987.
650 #0 - SUBJECT ADDED ENTRY--TOPICAL TERM
Topical Term Identification (Psychology)
Topical Term Projection (Psychology)
Topical Term Projective identification
700 1# - ADDED ENTRY--PERSONAL NAME
Personal name Sandler, Joseph.
856 40 - ELECTRONIC LOCATION AND ACCESS
Uniform Resource Identifier http://site.ebrary.com/lib/rucke/Doc?id=10497285

No items available.

© 2026 Rongo University
Contact us: librarian | system librarian | Rongo university